| 000 | 01018pam a2200349 a 4500 | ||
|---|---|---|---|
| 999 |
_c728 _d728 |
||
| 001 | 015515629 | ||
| 003 | Uk | ||
| 005 | 20191205154324.0 | ||
| 008 | 100305r20102009enk 000 1 eng d | ||
| 015 |
_aGBB042437 _2bnb |
||
| 016 | 7 |
_a015515629 _2Uk |
|
| 020 | _a9780552149525 (pbk.) : | ||
| 020 | _a0552149527 (pbk.) : | ||
| 040 |
_aStDuBDS _beng _cStDuBDS _dUk |
||
| 042 | _aukblcatcopy | ||
| 082 | _aFIC BRO | ||
| 100 | 1 |
_aBrown, Dan, _d1964- _eauthor |
|
| 245 | 1 | 4 |
_aThe lost symbol / _cDan Brown. |
| 260 |
_aLondon : _bCorgi, _c2010. |
||
| 300 |
_a669 p. ; _c20 cm. |
||
| 336 |
_atext _2rdacontent |
||
| 337 |
_aunmediated _2rdamedia |
||
| 338 |
_avolume _2rdacarrier |
||
| 500 | _aOriginally published: London: Bantam, 2009. | ||
| 500 |
_aFormerly CIP. _5Uk |
||
| 600 | 1 | 0 |
_aLangdon, Robert _c(Fictitious character) _vFiction. |
| 650 | 0 |
_aCryptographers _vFiction. |
|
| 650 | 0 |
_aFreemasonry _vFiction. |
|
| 655 | 0 | _aSuspense fiction. | |
| 942 |
_2ddc _cFIC |
||